The Keyboard Quiz Stats

 Plays Quiz not verified by Sporcle

Challenge
Share
Tweet
Embed
Score 0/20 Timer 05:00
0 Plays Today
Keyboard Move/Clue Answer % Correct
Let's start in the middle with 'H'. What type of 'life' does the Miller beer brand offer?High
85.7%
1 up, 1 right - illegal or reckless pedestrian crossing of a roadwayjaywalking
47.6%
2 down - a bowed string instrument with four strings tuned in perfect fifthscello
47.6%
4 left - a dairy product produced by bacterial fermentation of milkyogurt
47.6%
1 down and 1 left - the world's largest island that is not a continentGreenland
47.6%
1 down and 1 right - which band fought with Don Kirschner for artistic control, and eventually started to dissolve in 1969(The) Monkees
42.9%
4 left - a puzzle video game voted second place in '100 Greatest Video Games of All Time'Tetris
42.9%
3 left - expression Texian soldiers repeatedly shouted in 1836Remember the Alamo
38.1%
5 right - country bordering Angola, Botswana and ZambiaNamibia
38.1%
2 left and 1 down - African equidzebra
33.3%
Keyboard Move/Clue Answer % Correct
1 down, 1 left - an iced coffee offered by McCaféfrappe
33.3%
1 up, 1 left - occupation derived from the Latin root ingenium, meaning 'cleverness'.engineer
28.6%
1 up and 2 right - league at the top of the English football systemPremier
28.6%
2 up - Fruit of the Loom kids garments adorned by superherosUnderoos
23.8%
1 up and 2 right - the largest tributary, by volume, of the Mississippi RiverOhio River
23.8%
1 left - name for the re-branded triple play services in Comcast's largest marketsXfinity
23.8%
1 up and 1 left - collection of poems, short stories, plays, songs, or excerptsanthology
23.8%
1 down and 1 left - 1975 hostage drama film starring Al PacinoDog Day Afternoon
14.3%
1 down and 1 left - being who subsists by feeding on the life essence of living creaturesvampire
14.3%
7 right - world's largest Catholic fraternal service organizationKnights of Columbus
9.5%

You're not logged in!

Compare scores with friends on all Sporcle quizzes.
OR
Log In

You Might Also Like...

Show Comments

Extras

Top Quizzes Today


Score Distribution

Your Account Isn't Verified!

In order to create a playlist on Sporcle, you need to verify the email address you used during registration. Go to your Sporcle Settings to finish the process.

Report this User

Report this user for behavior that violates our Community Guidelines.

Details: